Southville International School and Colleges
Your cart is empty.
  • Cart
  • Lists
    Public lists Eva Luna New books Lux_list list_1
    Your lists Log in to create your own lists
  • Log in to your account
  • Your cookies
  • Search history
Southville International School and Colleges
  • Advanced search
  • Recent comments
  • Most popular
  • Libraries

Log in to your account

Log in with GOOGLE


If you do not have an external account, but do have a local account, you can still log in:

  1. Home
  2. MARC view: Five quarters of the orange /
Normal view MARC view ISBD view

Five quarters of the orange / (Record no. 368575)

[ view plain ]
MARC details
000 -LEADER
fixed length control field 00577nam a22002057a 4500
003 - CONTROL NUMBER IDENTIFIER
control field 0
005 - DATE AND TIME OF LATEST TRANSACTION
control field 20251111121300.0
008 - FIXED-LENGTH DATA ELEMENTS--GENERAL INFORMATION
fixed length control field 251111b xxu||||| |||| 00| 0 eng d
020 ## - INTERNATIONAL STANDARD BOOK NUMBER
International Standard Book Number 0-552-99883-4
050 ## - LIBRARY OF CONGRESS CALL NUMBER
Classification number PR 6058.A667
Item number .H37 2002
100 ## - MAIN ENTRY--PERSONAL NAME
Personal name Harris, Joanne,
Relator term author.
245 ## - TITLE STATEMENT
Title Five quarters of the orange /
Statement of responsibility, etc Joanne Harris.
260 ## - PUBLICATION, DISTRIBUTION, ETC. (IMPRINT)
Place of publication, distribution, etc London :
Name of publisher, distributor, etc Black Swan Books,
Date of publication, distribution, etc 2002.
300 ## - PHYSICAL DESCRIPTION
Extent 362 pages ;
Dimensions 20 cm.
650 ## - SUBJECT ADDED ENTRY--TOPICAL TERM
Topical term or geographic name as entry element Mystery fiction.
650 ## - SUBJECT ADDED ENTRY--TOPICAL TERM
Topical term or geographic name as entry element Family secrets
General subdivision Fiction.
650 ## - SUBJECT ADDED ENTRY--TOPICAL TERM
Topical term or geographic name as entry element Memory
General subdivision Fiction.
650 ## - SUBJECT ADDED ENTRY--TOPICAL TERM
Topical term or geographic name as entry element France
General subdivision Fiction.
942 ## - ADDED ENTRY ELEMENTS (KOHA)
Source of classification or shelving scheme Library of Congress Classification
Koha item type Books
Holdings
Withdrawn status Lost status Source of classification or shelving scheme Damaged status Home library Current library Shelving location Date acquired Source of acquisition Sub Shelving location Total Checkouts Full call number Barcode Date last seen Price effective from Koha item type
    Library of Congress Classification   College Library College Library Fiction Section 08/01/2024 Donation     PR 6058.A667 .H37 2002 C25633 11/11/2025 11/11/2025 Books

Five quarters of the orange /

APA

Harris J., . (2002). Five quarters of the orange. London: Black Swan Books.

Chicago

Harris Joanne, . 2002. Five quarters of the orange. London: Black Swan Books.

Harvard

Harris J., . (2002). Five quarters of the orange. London: Black Swan Books.

MLA

Harris Joanne, . Five quarters of the orange. London: Black Swan Books. 2002.

  • Place hold
  • Print
  • Cite
  • Add to your cart (remove)
  • Save record
    BIBTEX Dublin Core MARCXML MARC (non-Unicode/MARC-8) MARC (Unicode/UTF-8) MARC (Unicode/UTF-8, Standard) MODS (XML) RIS
  • More searches
    Search for this title in:
    Other Libraries (WorldCat) Other Databases (Google Scholar) Online Stores (Bookfinder.com) Open Library (openlibrary.org)

Exporting to Dublin Core...

SOUTHVILLE LIBRARY

Southville International School and Colleges Library

1281 Tropical Ave. Cor. Luxembourg St., BF Homes International, Las Pinas City

Tel. No. 8256374 / 252358 Loc. 117/146

Powered by Koha